00653 a2200193 4500003000400000005001700004008004100021020001800062040000900080082002000089100002600109245004600135250001200181260005200193300001000245942004600255952014100301999001700442OSt20231215091443.0231214b |||||||| |||| 00| 0 eng d a9789388646604 coclc a894.8128bKAR/M aKarve, Irawati910104 aMahabharatha Padanangal /cEravathi Karve a1st ed. aKozhikode:bPusthaka Prasadhaka Sangham,c2021. a176p. 2ddccBKh894.8128iKAR/Mk894.8128mKAR/M 00102ddc40708MISCELLANEOUSaMESbMEScMALd2023-12-14l0o894.8128 KAR/Mp43519r2023-12-14 14:42:29v220.00w2023-12-14yBKzGR33R1 c44133d44133